| 000 | 00876cam a22002652 4500 | ||
|---|---|---|---|
| 001 | 8661 | ||
| 003 | BD-RjUL | ||
| 005 | 20211208234628.0 | ||
| 008 | 140119t1965 c a b 001 0 eng | ||
| 035 | _a(BD-RjUL)8706 | ||
| 040 |
_aDLC _cDLC _dEQO _dBD-RjUL _beng |
||
| 041 | _aeng | ||
| 082 | 0 | 4 |
_a530.028 _216 _bLIL 1965 |
| 100 | 1 |
_aLivesey, Derek L. _q(Derek Leonard), _d1923- _926979 |
|
| 245 | 1 | 2 |
_aA laboratory course in physics / _c[by] D. L. Livesey, G. H. Cannon, T. Ryniak; line drawings by Don Hayward. |
| 260 |
_aToronto : _bcopp pub., _c1965. |
||
| 300 |
_aV-2 (ix, 186 p.) : _billus., diagrs. ; _c23 1/2 cm. |
||
| 504 | _aIncludes bibliographical reference and index. | ||
| 650 | 0 |
_aPhysics _vLaboratory manuals. _925535 |
|
| 700 | 1 |
_aCannon, G. H. _926980 |
|
| 700 | 1 |
_aRyniak, T. _926981 |
|
| 942 |
_2ddc _cBK |
||
| 999 |
_c8661 _d8661 |
||